[Event "Omsk-ch"]
[Site "Omsk"]
[Date "2015.02.23"]
[Round "7"]
[White "Medvedev, Semen"]
[Black "Chagasov, Oleg"]
[Result "1-0"]
[WhiteElo "1934"]
[BlackElo "1839"]
[PlyCount "91"]
[EventDate "2015.02.16"]
[EventType "swiss"]
[EventRounds "9"]
[EventCountry "RUS"]
[SourceTitle "CBM 165 Extra"]
[Source "ChessBase"]
[SourceDate "2015.04.21"]
[SourceVersion "1"]
[SourceVersionDate "2015.04.21"]
[SourceQuality "1"]

1. Nf3 d5 2. b3 c5 3. Bb2 Nf6 4. g3 Nc6 5. Bg2 d4 6. c4 e5 7. d3 Bd6 8. Nbd2 0-0 9. 0-0 Re8 10. Rb1 Bg4 11. h3 Bh5 12. g4 Bg6 13. Nh4 Qc7 14. Nxg6 hxg6 15. Bc1 Rad8 16. a3 Nd7 17. Qc2 f5 18. Bd5+ Kh8 19. Bf7 Rf8 20. Bxg6 fxg4 21. hxg4 Ne7 22. Be4 Nf6 23. g5 Ng4 24. Nf3 Nf5 25. Kg2 g6 26. Bd2 Kg7 27. b4 b6 28. bxc5 Bxc5 29. Qa4 Rh8 30. Qc6 Qe7 31. a4 a6 32. a5 Rd6 33. Qb7 Rd7 34. Qxa6 Ra7 35. Qb5 Nd6 36. Qc6 Rc7 37. Qa4 Nxe4 38. dxe4 Ra7 39. Rh1 Rxh1 40. Rxh1 d3 41. e3 Qb7 42. Qe8 Ra8 43. Qe6 Qxe4 44. Qd7+ Kg8 45. Rh7 Bf8 46. Qf7# 1-0

[Event "Omsk-ch"]
[Site "Omsk"]
[Date "2015.02.20"]
[Round "5"]
[White "Medvedev, Semen"]
[Black "Chagochkin, Valeriy"]
[Result "1/2-1/2"]
[WhiteElo "1934"]
[BlackElo "2135"]
[PlyCount "35"]
[EventDate "2015.02.16"]
[EventType "swiss"]
[EventRounds "9"]
[EventCountry "RUS"]
[SourceTitle "CBM 165 Extra"]
[Source "ChessBase"]
[SourceDate "2015.04.21"]
[SourceVersion "1"]
[SourceVersionDate "2015.04.21"]
[SourceQuality "1"]

1. e4 c5 2. Nf3 Nc6 3. Nc3 d6 4. Bb5 e5 5. Bc4 Be7 6. d3 Bg4 7. h3 Bd7 8. Nd2 Bg5 9. Nf1 Nd4 10. a4 h6 11. Bxg5 Qxg5 12. Ne3 Ne7 13. Nb5 Nxb5 14. Bxb5 0-0-0 15. Bxd7+ Rxd7 16. Qg4 Qxg4 17. hxg4 f6 18. Nf5 1/2-1/2

[Event "Omsk Half op"]
[Site "Omsk"]
[Date "2014.12.21"]
[Round "8"]
[White "Zuevich, Vladimir"]
[Black "Medvedev, Semen"]
[Result "0-1"]
[WhiteElo "1930"]
[BlackElo "1957"]
[PlyCount "51"]
[EventDate "2014.12.03"]
[EventType "swiss"]
[EventRounds "9"]
[EventCountry "RUS"]
[SourceTitle "EXT 2023"]
[Source "ChessBase"]
[SourceDate "2022.10.05"]
[SourceVersion "1"]
[SourceVersionDate "2022.10.05"]
[SourceQuality "1"]

1. e4 c5 2. Nf3 d6 3. d4 cxd4 4. Nxd4 Nf6 5. Nc3 a6 6. f3 e6 7. Be3 Be7 8. Qd2 0-0 9. 0-0-0 b5 10. g4 Nfd7 11. Nce2 Nb6 12. Ng3 Qc7 13. Qa5 N8d7 14. f4 Nc5 15. Nb3 Bb7 16. Kb1 Rac8 17. Nxc5 dxc5 18. Be2 Bf6 19. g5 Bxb2 20. Rhf1 Na4 21. Qxc7 Rxc7 22. Rd6 Ba3 23. Bf3 c4 24. Rd2 Bb4 25. Rg2 Rb8 26. h4 0-1

[Event "Omsk Half op"]
[Site "Omsk"]
[Date "2014.12.10"]
[Round "4"]
[White "Medvedev, Semen"]
[Black "Vorvul, Sergey"]
[Result "1-0"]
[WhiteElo "1957"]
[BlackElo "1970"]
[PlyCount "69"]
[EventDate "2014.12.03"]
[EventType "swiss"]
[EventRounds "9"]
[EventCountry "RUS"]
[SourceTitle "EXT 2023"]
[Source "ChessBase"]
[SourceDate "2022.10.05"]
[SourceVersion "1"]
[SourceVersionDate "2022.10.05"]
[SourceQuality "1"]

1. e4 c5 2. Nf3 d6 3. d4 cxd4 4. Nxd4 Nf6 5. f3 a6 6. c4 g6 7. Nc3 Bg7 8. Be3 Nbd7 9. Qd2 Qc7 10. Rc1 0-0 11. Be2 Ne5 12. b3 Bd7 13. 0-0 Nc6 14. Rfd1 Nxd4 15. Bxd4 Bc6 16. Bf1 h5 17. Qf2 Nd7 18. Be3 Qa5 19. Qd2 Kh7 20. Nd5 Qxd2 21. Rxd2 Rae8 22. Bg5 Bh6 23. h4 Bxg5 24. hxg5 Nc5 25. Nf4 f5 26. gxf6 Rxf6 27. Nd5 Rff8 28. Re1 Nd7 29. Kf2 Kg7 30. Nc7 Kf7 31. Nxe8 Kxe8 32. Ke3 a5 33. Be2 Kf7 34. f4 Nc5 35. Bf3 1-0

[Event "Novokuznetsk SFO-ch U15"]
[Site "Novokuznetsk"]
[Date "2014.11.09"]
[Round "8"]
[White "Medvedev, Semen"]
[Black "Sakhirov, Boris"]
[Result "1-0"]
[WhiteElo "1957"]
[BlackElo "1817"]
[PlyCount "39"]
[EventDate "2014.11.02"]
[EventType "swiss"]
[EventRounds "9"]
[EventCountry "RUS"]
[SourceTitle "CBM 163 Extra"]
[Source "ChessBase"]
[SourceDate "2014.12.23"]
[SourceVersion "1"]
[SourceVersionDate "2014.12.23"]
[SourceQuality "1"]

1. e4 d6 2. d4 Nf6 3. Nc3 g6 4. f4 Bg7 5. Nf3 b6 6. Bd3 Bb7 7. 0-0 0-0 8. Qe1 e6 9. Be3 Nbd7 10. Qh4 Nh5 11. Qh3 f5 12. Ng5 Qe7 13. Bc4 Kh8 14. Nxe6 Rf6 15. Nxc7 Rc8 16. N7d5 Bxd5 17. Nxd5 Qxe4 18. Nxf6 Rxc4 19. Nxe4 fxe4 20. Qxd7 1-0

[Event "Novokuznetsk SFO-ch U15"]
[Site "Novokuznetsk"]
[Date "2014.11.06"]
[Round "5"]
[White "Poliakov, Artem"]
[Black "Medvedev, Semen"]
[Result "1/2-1/2"]
[WhiteElo "1748"]
[BlackElo "1957"]
[PlyCount "137"]
[EventDate "2014.11.02"]
[EventType "swiss"]
[EventRounds "9"]
[EventCountry "RUS"]
[SourceTitle "CBM 163 Extra"]
[Source "ChessBase"]
[SourceDate "2014.12.23"]
[SourceVersion "1"]
[SourceVersionDate "2014.12.23"]
[SourceQuality "1"]

1. d4 Nf6 2. c4 g6 3. Nc3 Bg7 4. e4 d6 5. Nf3 0-0 6. Be2 e5 7. 0-0 Nc6 8. Be3 Ng4 9. Bg5 f6 10. Bc1 exd4 11. Nxd4 Nxd4 12. Qxd4 Ne5 13. f4 Nc6 14. Qd5+ Kh8 15. f5 Qe7 16. Qd2 Bd7 17. b3 Qe5 18. Bb2 Qd4+ 19. Qxd4 Nxd4 20. Bd3 gxf5 21. exf5 Nc6 22. Nd5 Rac8 23. Rae1 Ne5 24. Bxe5 dxe5 25. Kf2 Bh6 26. Rd1 c6 27. Nc3 Rcd8 28. Be4 Bc8 29. Ke2 Kg7 30. b4 a6 31. Na4 Kf7 32. Nc5 Ke7 33. Nb3 Rd6 34. Rxd6 Kxd6 35. Rf3 Rf7 36. Rh3 Bf8 37. Na5 Kc7 38. Rb3 Rd7 39. b5 Rd4 40. Kf3 axb5 41. cxb5 c5 42. b6+ Kb8 43. a3 Ra4 44. Rd3 Rxa5 45. Rd8 Rxa3+ 46. Ke2 Bh6 47. Bd5 Re3+ 48. Kd2 Re4+ 49. Kc3 Rd4 50. g4 e4 51. h4 Bf4 52. g5 Be5 53. Kc2 e3 54. g6 Rxd5 55. Rxd5 Bxf5+ 56. Kd1 Bg4+ 57. Kc1 hxg6 58. Rd8+ Bc8 59. Rg8 Bf4 60. Kd1 Bg3 61. h5 gxh5 62. Rxg3 Bg4+ 63. Ke1 e2 64. Rc3 Kc8 65. Rxc5+ Kd7 66. Rc7+ Kd6 67. Rxb7 Kc6 68. Rf7 Kxb6 69. Rxf6+ 1/2-1/2

[Event "Novokuznetsk SFO-ch U15"]
[Site "Novokuznetsk"]
[Date "2014.11.04"]
[Round "3"]
[White "Medvedev, Semen"]
[Black "Dambaev, Bilikto"]
[Result "1/2-1/2"]
[WhiteElo "1957"]
[BlackElo "1895"]
[PlyCount "127"]
[EventDate "2014.11.02"]
[EventType "swiss"]
[EventRounds "9"]
[EventCountry "RUS"]
[SourceTitle "CBM 163 Extra"]
[Source "ChessBase"]
[SourceDate "2014.12.23"]
[SourceVersion "1"]
[SourceVersionDate "2014.12.23"]
[SourceQuality "1"]

1. e4 c5 2. Nf3 Nc6 3. Nc3 e5 4. Bc4 Be7 5. d3 Nf6 6. Nd2 d6 7. Nf1 Bg4 8. f3 Be6 9. Ne3 0-0 10. 0-0 Nd4 11. a4 Rb8 12. Ncd5 Nxd5 13. Bxd5 Bg5 14. Nc4 Bxc1 15. Rxc1 Bxd5 16. exd5 Qg5 17. Ra1 Qh6 18. Rf2 Rbd8 19. Qe1 Nf5 20. Qa5 a6 21. Qb6 Rd7 22. Qb3 Nd4 23. Qb6 Qg6 24. Qa5 f5 25. Re1 f4 26. Re4 b5 27. axb5 axb5 28. Na3 Rdd8 29. Qe1 Ra8 30. c3 b4 31. cxd4 bxa3 32. bxa3 cxd4 33. Qa1 Rfc8 34. a4 Rc3 35. Rd2 Qe8 36. a5 Qb5 37. Re1 Rxa5 38. Qb1 Qxb1 39. Rxb1 Rxd5 40. Rb7 Rdc5 41. Rd7 Rc6 42. Ra2 Rc1+ 43. Kf2 R1c2+ 44. Rxc2 Rxc2+ 45. Kf1 Rc6 46. g3 fxg3 47. hxg3 h6 48. f4 exf4 49. gxf4 Rc3 50. Ke2 Rc2+ 51. Kf3 h5 52. Rxd6 Kf7 53. Rxd4 Rc1 54. Kg2 Rd1 55. Rd5 g6 56. Rd6 Rd2+ 57. Kg3 Ke7 58. Rxg6 Rxd3+ 59. Kh4 Rf3 60. Kg5 h4 61. Rh6 h3 62. Kg4 Ra3 63. f5 Kf7 64. Rxh3 1/2-1/2

[Event "Novokuznetsk SFO-ch U15"]
[Site "Novokuznetsk"]
[Date "2014.11.02"]
[Round "1"]
[White "Medvedev, Semen"]
[Black "Moskvin, Maksim"]
[Result "1-0"]
[WhiteElo "1957"]
[BlackElo "1684"]
[PlyCount "39"]
[EventDate "2014.11.02"]
[EventType "swiss"]
[EventRounds "9"]
[EventCountry "RUS"]
[SourceTitle "CBM 163 Extra"]
[Source "ChessBase"]
[SourceDate "2014.12.23"]
[SourceVersion "1"]
[SourceVersionDate "2014.12.23"]
[SourceQuality "1"]

1. e4 c5 2. Nf3 Nc6 3. Nc3 d6 4. Bb5 e6 5. Bxc6+ bxc6 6. e5 dxe5 7. Nxe5 Bd6 8. Nc4 Ba6 9. d3 Bxc4 10. dxc4 Ne7 11. Ne4 Be5 12. 0-0 Qd4 13. Qe2 Rd8 14. c3 Qd7 15. g3 Bd6 16. Rd1 Qc7 17. Rxd6 Rxd6 18. Bf4 Nc8 19. Nxd6+ Nxd6 20. Rd1 1-0